The first 49 : personalities in the Honor Gallery of the AHA's Hereford Heritage Hall /

Bibliographic Details
Main Author: Ornduff, Donald R.
Corporate Author: Hereford Heritage Hall
Format: Book
Language:English
Published: Kansas City, Mo. : Lowell Press, [1981]
Edition:Centennial ed., 1st ed.
Subjects:

MARC

Tag First Indicator Second Indicator Subfields
LEADER 00000pam a2200000 a 4500
001 in00000051043
005 20151007080133.0
008 811106s1981 moua 00010ceng
010 |a  81084498  
020 |a 0913504734 :  |c $12.95 
035 |a (OCoLC)07999597 
035 |9 AAF4309AM 
039 0 |a 2  |b 3  |c 3  |d 3  |e 3 
040 |a DLC  |c DLC  |d TXA  |d UtOrBLW 
043 |a n-us--- 
049 |a TXAS  |c 1 [1702010], 2 
050 0 0 |a SF199.H4  |b O69 1981 
082 0 |a 636.2/22  |2 19 
100 1 |a Ornduff, Donald R. 
245 1 4 |a The first 49 :  |b personalities in the Honor Gallery of the AHA's Hereford Heritage Hall /  |c by Donald R. Ornduff ; with an introduction by B.C. Snidow. 
250 |a Centennial ed., 1st ed. 
264 1 |a Kansas City, Mo. :  |b Lowell Press,  |c [1981] 
264 4 |c ©1981 
300 |a xiv, 281 pages :  |b illustrations ;  |c 24 cm. 
336 |a text  |b txt  |2 rdacontent 
337 |a unmediated  |b n  |2 rdamedia 
338 |a volume  |b nc  |2 rdacarrier 
650 0 |a Hereford cattle  |x History. 
650 0 |a Cattle breeders  |z United States  |x Biography. 
650 0 |a Beef cattle  |x Breeding  |z United States  |x History. 
710 2 |a Hereford Heritage Hall. 
999 |a MARS 
999 f f |s 81518217-4d53-3783-92ea-375dd810271c  |i ed8d7fef-f64e-3d01-ba20-3d283cec625e  |t 0 
952 f f |p noncirc  |a Texas A&M University  |b College Station  |c Cushing Memorial Library & Archives  |d Cushing: Dykes (Does not check out)  |t 0  |e SF199.H4 O69 1981  |h Library of Congress classification  |i unmediated -- volume  |m A14851927187 
952 f f |p noncirc  |a Texas A&M University  |b College Station  |c Cushing Memorial Library & Archives  |d Cushing: Dykes (Does not check out)  |t 0  |e SF199.H4 O69 1981  |h Library of Congress classification  |i unmediated -- volume  |m A14851927195 
998 f f |a SF199.H4 O69 1981  |t 0  |l Cushing: Dykes (Does not check out) 
998 f f |a SF199.H4 O69 1981  |t 0  |l Cushing: Dykes (Does not check out)